00531nam a2200157Ia 4500008004100000100001400041245007700055245001400132260001500146260000900161650003000170650002500200856005600225999001900281952007300300160216s9999 xx 000 0 und d aClark, I. 3aAn Historical geography of tourism in Victoria, Australia case studies / cI. Clark. bDe Gruyter c2014 xCase studies - Australia. xTourism - geography. uhttp://www.degruyter.com/viewbooktoc/product/430898 c290629d290629 001040aCLbCLd2016-02-16l0r2016-02-16 00:00:00w2016-02-16yCBE